<?xml version="1.0" encoding="UTF-8"?>
<record
    xmlns:xsi="http://www.w3.org/2001/XMLSchema-instance"
    xsi:schemaLocation="http://www.loc.gov/MARC21/slim http://www.loc.gov/standards/marcxml/schema/MARC21slim.xsd"
    xmlns="http://www.loc.gov/MARC21/slim">

  <leader>00933nam a2200229 a 4500</leader>
  <controlfield tag="001">44141</controlfield>
  <controlfield tag="003">BD-RjUL</controlfield>
  <controlfield tag="005">20211209053815.0</controlfield>
  <controlfield tag="008">160714s2010    bg ||||| |||| 00| 0 ben d</controlfield>
  <datafield tag="020" ind1=" " ind2=" ">
    <subfield code="c">: Tk.250.00</subfield>
  </datafield>
  <datafield tag="035" ind1=" " ind2=" ">
    <subfield code="a">(BD-RjUL)44259</subfield>
  </datafield>
  <datafield tag="040" ind1=" " ind2=" ">
    <subfield code="a">BD-RjUL</subfield>
    <subfield code="b">ben</subfield>
    <subfield code="c">BD-RjUL</subfield>
    <subfield code="d">BD-RjUL</subfield>
  </datafield>
  <datafield tag="041" ind1=" " ind2=" ">
    <subfield code="a">ben</subfield>
  </datafield>
  <datafield tag="082" ind1=" " ind2=" ">
    <subfield code="2">23</subfield>
    <subfield code="a">004.3</subfield>
    <subfield code="b">ARC 2010</subfield>
  </datafield>
  <datafield tag="100" ind1=" " ind2=" ">
    <subfield code="a">&#x985;&#x9B0;&#x9CD;&#x9A3;&#x9AC;, &#x9B6;&#x9BE;&#x9B9;&#x9BE;&#x9A6;&#x9BE;&#x9A4; &#x9B9;&#x9CB;&#x9B8;&#x9C7;&#x9A8;</subfield>
    <subfield code="9">135529</subfield>
  </datafield>
  <datafield tag="245" ind1=" " ind2=" ">
    <subfield code="a">&#x995;&#x9AE;&#x9CD;&#x9AA;&#x9BF;&#x989;&#x99F;&#x9BE;&#x9B0; &#x993; &#x9A4;&#x9A5;&#x9CD;&#x9AF; &#x9AA;&#x9CD;&#x9B0;&#x9AF;&#x9C1;&#x995;&#x9CD;&#x9A4;&#x9BF; &#x995;&#x9CB;&#x9B7; /</subfield>
    <subfield code="c">&#x9B6;&#x9BE;&#x9B9;&#x9BE;&#x9A6;&#x9BE;&#x9A4; &#x9B9;&#x9CB;&#x9B8;&#x9C7;&#x9A8; &#x985;&#x9B0;&#x9CD;&#x9A3;&#x9AC;</subfield>
  </datafield>
  <datafield tag="260" ind1=" " ind2=" ">
    <subfield code="a">&#x9A2;&#x9BE;&#x995;&#x9BE; :</subfield>
    <subfield code="b">&#x9A6;&#x9BF; &#x987;&#x989;&#x9A8;&#x9BF;&#x9AD;&#x9BE;&#x9B0;&#x9CD;&#x9B8;&#x9C7;&#x9B2; &#x98F;&#x995;&#x9BE;&#x9A1;&#x9C7;&#x9AE;&#x9C0;,</subfield>
    <subfield code="c">&#x9E8;&#x9E6;&#x9E7;&#x9E6;</subfield>
  </datafield>
  <datafield tag="300" ind1=" " ind2=" ">
    <subfield code="a">&#x9E8;&#x9E7;&#x9EC; &#x9AA;&#x9C3;. :</subfield>
    <subfield code="b">&#x99A;&#x9BF;&#x9A4;&#x9CD;&#x9B0; ;</subfield>
    <subfield code="c">&#x9E8;&#x9E8; &#x9B8;&#x9C7;&#x9AE;&#x9BF;.</subfield>
  </datafield>
  <datafield tag="650" ind1=" " ind2=" ">
    <subfield code="a">&#x995;&#x9AE;&#x9CD;&#x9AA;&#x9BF;&#x989;&#x99F;&#x9BE;&#x9B0; &#x9AC;&#x9BF;&#x99C;&#x9CD;&#x99E;&#x9BE;&#x9A8;</subfield>
    <subfield code="v">&#x985;&#x9AD;&#x9BF;&#x9A7;&#x9BE;&#x9A8;</subfield>
    <subfield code="9">135543</subfield>
  </datafield>
  <datafield tag="650" ind1=" " ind2=" ">
    <subfield code="a">Computer Science</subfield>
    <subfield code="v">Dictionaries</subfield>
    <subfield code="9">135544</subfield>
  </datafield>
  <datafield tag="942" ind1=" " ind2=" ">
    <subfield code="2">ddc</subfield>
    <subfield code="c">REF</subfield>
  </datafield>
  <datafield tag="999" ind1=" " ind2=" ">
    <subfield code="c">44141</subfield>
    <subfield code="d">44141</subfield>
  </datafield>
  <datafield tag="952" ind1=" " ind2=" ">
    <subfield code="0">0</subfield>
    <subfield code="1">0</subfield>
    <subfield code="2">ddc</subfield>
    <subfield code="4">0</subfield>
    <subfield code="7">1</subfield>
    <subfield code="8">REF</subfield>
    <subfield code="a">RUCL</subfield>
    <subfield code="b">RUCL</subfield>
    <subfield code="c">Reference</subfield>
    <subfield code="d">2014-08-03</subfield>
    <subfield code="e">Chittagaon, Batighor</subfield>
    <subfield code="g">187.50</subfield>
    <subfield code="l">0</subfield>
    <subfield code="o">BR 004.3 ARC 2010</subfield>
    <subfield code="r">2016-07-14 00:00:00</subfield>
    <subfield code="t">C-1</subfield>
    <subfield code="w">2021-12-09</subfield>
    <subfield code="y">REF</subfield>
  </datafield>
</record>
